Las radiaciones telúricas y su influencia en los seres vivos (Record no. 182270)

MARC details
000 -LEADER
campo de control de longitud fija 00763nam a2200193 i 4500
001 - NÚMERO DE CONTROL
campo de control 182270
003 - IDENTIFICADOR DE NÚMERO DE CONTROL
campo de control ES-MaACL
005 - FECHA Y HORA DE LA ÚLTIMA TRANSACCIÓN
campo de control 20230906221553.0
008 - DATOS DE LONGITUD FIJA--INFORMACIÓN GENERAL
campo de control de longitud fija 130730s1988 sp | |||| ||spa d
080 ## - NÚMERO DE LA CLASIFICACIÓN DECIMAL UNIVERSAL
Número de la Clasificación Decimal Universal 550.37:612.014.4
100 1# - ENTRADA PRINCIPAL--NOMBRE DE PERSONA
Nombre de persona Merz, Blanche.
9 (RLIN) 153109
245 14 - MENCIÓN DEL TÍTULO
Título Las radiaciones telúricas y su influencia en los seres vivos
Resto del título : síntesis documentada de los institutos europeos de investigación geobiológica /
Mención de responsabilidad, etc. [elaborado por Blanche Merz].
260 ## - PUBLICACIÓN, DISTRIBUCIÓN, ETC.
Lugar de publicación, distribución, etc. Madrid :
Nombre del editor, distribuidor, etc. Centro Mediterráneo de Investigación Geobiológica,
Fecha de publicación, distribución, etc. [1988]
300 ## - DESCRIPCIÓN FÍSICA
Extensión 26 p. :
Otras características físicas il. ;
Dimensiones 21 cm.
594 ## - Nota al título y mención de responsabilidad
Nota al título y mención de responsabilidad Tít. tomado de la cub.
650 04 - PUNTO DE ACCESO ADICIONAL DE MATERIA--TÉRMINO DE MATERIA
Término de materia o nombre geográfico como elemento de entrada Corrientes telúricas-
Subdivisión general Efectos fisiológicos.
9 (RLIN) 11377
650 #4 - PUNTO DE ACCESO ADICIONAL DE MATERIA--TÉRMINO DE MATERIA
Término de materia o nombre geográfico como elemento de entrada Geobiología.
9 (RLIN) 153110
852 ## - LOCALIZACIÓN
Ubicación ES-MaACL
Número de control de estantería 2316-F-18
Holdings
Estatus retirado Estado de pérdida Estado de daño No para préstamo Colección Biblioteca de origen Biblioteca actual Ubicación en estantería Fecha de adquisición Fuente de adquisición Total de préstamos Signatura topográfica completa Código de barras Visto por última vez Precio de reemplazo Tipo de ítem Koha
        Colección de folletos Biblioteca del Ateneo de Madrid Biblioteca del Ateneo de Madrid Depósito folletos 30/07/2013     2316-F-18 1191546 23/02/2023 23/02/2023 Folleto